Statistics for Dakotas True or False

Click here to take the quiz!

General Stats

  • This quiz has been taken 70 times
  • The average score is 10 of 15

Answer Stats

QuestionAnswer% Correct
Lewis and Clark traveled through what is now the Dakota's.True
82%
It has never been above 100 degrees (Fahrenheit) in North Dakota.False
78%
Over a quarter of both states are self-identified Lutherans.True
78%
The Mississippi River is the longest river in both states.False
76%
Mt. Rushmore is the tallest mountain in South Dakota.False
71%
South Dakota's highest and lowest points are over twice as different in height as North Dakota's highest and lowest points.True
69%
North Dakota has a longer border with South Dakota than it does with Canada.True
67%
North Dakota has the 2nd lowest unemployment rate in the nation.True
67%
North and South Dakota vote for the Libertarian Party more than the average state.True
65%
Both states are split between the Mountain and Central time zones.True
59%
Mt Rushmore was named after a senator.False
55%
The State Animal of South Dakota is the coyote.True
55%
In 1975, North Dakota and South Dakota each had a higher Population than Nevada.True
55%
North and South Dakota have 5 National Parks combined.False
47%
Ulysses S. Grant was president when North and South Dakota became states.False
35%

Score Distribution

Percentile by Number Answered

Percent of People with Each Score

Your Score History

You have not taken this quiz